Field book no. 5 (Record no. 114439)

MARC details
000 -LEADER
fixed length control field 00540ctm a22001815a 4500
001 - CONTROL NUMBER
control field L156825
008 - FIXED-LENGTH DATA ELEMENTS--GENERAL INFORMATION
fixed length control field 120717m18221826xxk f 000 0 eng d
035 ## - SYSTEM CONTROL NUMBER
System control number (Sirsi) u156825
041 0# - LANGUAGE CODE
Language code of text/sound track or separate title eng
245 00 - TITLE STATEMENT
Title Field book no. 5
Remainder of title parts of the township of Brampton, Wombwell, Hoyland
Medium [manuscript]
260 ## - PUBLICATION, DISTRIBUTION, ETC.
Date of publication, distribution, etc. 1822-1826
300 ## - PHYSICAL DESCRIPTION
Extent 1 v.
Other physical details ill.
Dimensions 20 x 8 cm.
520 ## - SUMMARY, ETC.
Summary, etc. Manuscript figures, with some sketches.
583 ## - ACTION NOTE
Action Condition reviewed
Time/date of action 20120620
Status condition level 3
651 #4 - SUBJECT ADDED ENTRY--GEOGRAPHIC NAME
Geographic name Yorkshire
690 ## - LOCAL SUBJECT ADDED ENTRY--TOPICAL TERM (OCLC, RLIN)
Topical term or geographic name as entry element Rural
9 (RLIN) 6268
942 ## - ADDED ENTRY ELEMENTS (KOHA)
Suppress in OPAC 0
Holdings
Withdrawn status Lost status Damaged status Not for loan Home library Current library Shelving location Date acquired Total Checkouts Full call number Barcode Date last seen Copy number Price effective from Koha item type
        Historic collection Historic collection Historic collection 17/07/2012   REGIONAL OCTAVO 1822 FIELD 30077084 20/08/2025 1 06/08/2019 Book